<?xml version="1.0" encoding="UTF-8"?>
<record
    xmlns:xsi="http://www.w3.org/2001/XMLSchema-instance"
    xsi:schemaLocation="http://www.loc.gov/MARC21/slim http://www.loc.gov/standards/marcxml/schema/MARC21slim.xsd"
    xmlns="http://www.loc.gov/MARC21/slim">

  <leader>01219nam a22002897i 4500</leader>
  <controlfield tag="001">IT\ICCU\PAR\1197789</controlfield>
  <controlfield tag="003">ItRI</controlfield>
  <controlfield tag="005">20260428193805.0</controlfield>
  <controlfield tag="008">101110s2010    it ||||||    |||||1|||||c</controlfield>
  <datafield tag="020" ind1=" " ind2=" ">
    <subfield code="a">8860735393</subfield>
  </datafield>
  <datafield tag="020" ind1=" " ind2=" ">
    <subfield code="a">9788860735</subfield>
  </datafield>
  <datafield tag="020" ind1=" " ind2=" ">
    <subfield code="a">9788860735393</subfield>
  </datafield>
  <datafield tag="020" ind1=" " ind2=" ">
    <subfield code="a">9788866202202</subfield>
  </datafield>
  <datafield tag="040" ind1=" " ind2=" ">
    <subfield code="b">ita</subfield>
    <subfield code="c">Arcigay Viterbo</subfield>
  </datafield>
  <datafield tag="041" ind1=" " ind2="7">
    <subfield code="a">ita</subfield>
    <subfield code="2">ISO-639-2</subfield>
  </datafield>
  <datafield tag="082" ind1=" " ind2=" ">
    <subfield code="a">853.914</subfield>
    <subfield code="2">21</subfield>
  </datafield>
  <datafield tag="100" ind1="1" ind2=" ">
    <subfield code="a">Faletti, Giorgio</subfield>
    <subfield code="0">IT\ICCU\RAVV\089749</subfield>
    <subfield code="4">aut</subfield>
  </datafield>
  <datafield tag="240" ind1="1" ind2="0">
    <subfield code="a">Appunti di un venditore di donne</subfield>
    <subfield code="9">Faletti, Giorgio</subfield>
  </datafield>
  <datafield tag="245" ind1="1" ind2="0">
    <subfield code="a">Appunti di un venditore di donne /</subfield>
    <subfield code="c">Giorgio Faletti.</subfield>
  </datafield>
  <datafield tag="260" ind1=" " ind2=" ">
    <subfield code="a">Milano :</subfield>
    <subfield code="b">Dalai,</subfield>
    <subfield code="c">2010</subfield>
  </datafield>
  <datafield tag="300" ind1=" " ind2=" ">
    <subfield code="a">397 p. ;</subfield>
    <subfield code="c">22 cm</subfield>
  </datafield>
  <datafield tag="520" ind1=" " ind2=" ">
    <subfield code="a">Milano, fine anni '70. Siamo negli anni che precedono la Milano "da Bere": una Milano dipinta vivace, allegra, fresca e ottimista. In questa cornice si inserisce il protagonista Bravo, un "venditore di donne" che vive di notte... In questo libro Giorgio Faletti esplora il genere noir, e riesce perfettamente nella costruzione dell?intreccio, nell?ambientazione, nella psicologia dei personaggi.</subfield>
  </datafield>
  <datafield tag="830" ind1=" " ind2="0">
    <subfield code="a">Romanzi e racconti ;</subfield>
    <subfield code="v">513</subfield>
    <subfield code="0">IT\ICCU\RAV\0187056</subfield>
  </datafield>
  <datafield tag="942" ind1=" " ind2=" ">
    <subfield code="2">ddc</subfield>
    <subfield code="c">BK</subfield>
    <subfield code="n">0</subfield>
  </datafield>
  <datafield tag="981" ind1=" " ind2="1">
    <subfield code="6">z01</subfield>
    <subfield code="a">i </subfield>
    <subfield code="b">xxxe  </subfield>
  </datafield>
  <datafield tag="982" ind1=" " ind2="1">
    <subfield code="6">z01</subfield>
    <subfield code="a">n</subfield>
  </datafield>
  <datafield tag="999" ind1=" " ind2=" ">
    <subfield code="c">28957</subfield>
    <subfield code="d">28957</subfield>
  </datafield>
  <datafield tag="952" ind1=" " ind2=" ">
    <subfield code="0">0</subfield>
    <subfield code="1">0</subfield>
    <subfield code="2">ddc</subfield>
    <subfield code="4">0</subfield>
    <subfield code="7">0</subfield>
    <subfield code="a">VT</subfield>
    <subfield code="b">VT</subfield>
    <subfield code="d">2026-04-28</subfield>
    <subfield code="e">Dono di Luca Bonomi</subfield>
    <subfield code="i">B604</subfield>
    <subfield code="l">0</subfield>
    <subfield code="o">853.914 FAL APP</subfield>
    <subfield code="p">B604</subfield>
    <subfield code="r">2026-04-28 19:38:47</subfield>
    <subfield code="w">2026-04-28</subfield>
    <subfield code="y">BK</subfield>
    <subfield code="z">Dono di Luca Bonomi</subfield>
  </datafield>
</record>
